RIGRATS IN PARIS (Record no. 5852)
[ view plain ]
| 000 -LEADER | |
|---|---|
| fixed length control field | 00824nam a22001457a 4500 |
| 020 ## - INTERNATIONAL STANDARD BOOK NUMBER | |
| ISBN | 0-743-41491-8 |
| 082 ## - DEWEY DECIMAL CLASSIFICATION NUMBER | |
| Classification number | 823 |
| Item number | DUB/R |
| 100 ## - MAIN ENTRY--AUTHOR NAME | |
| Personal name | DUBOWSKI, CATHY EAST |
| 245 ## - TITLE STATEMENT | |
| Title | RIGRATS IN PARIS |
| Remainder of title | THE MOVIE |
| 260 ## - PUBLICATION, DISTRIBUTION, ETC. (IMPRINT) | |
| Place of publication | LONDON |
| Name of publisher | SIMON & SCHUSTER UK LTD |
| Year of publication | 1999 |
| 300 ## - PHYSICAL DESCRIPTION | |
| Number of Pages | 141 |
| 520 ## - SUMMARY, ETC. | |
| Summary, etc | In the long-running animated series' second feature film, the focus is on the show's perennial second banana, Chuckie (Christine Cavanaugh). Dads Stu (Jack Riley) and Chaz (Michael Bell) are unexpectedly sent to Euro-Reptarland in Paris, where the animatronic dinosaurs they built for the amusement park are malfunctioning, much to the displeasure of manager Coco La Bouche (Susan Sarandon). When the dislikable Coco gets interested in the single Chaz, Chuckie and his friends swing into action. |
| 650 ## - SUBJECT ADDED ENTRY--TOPICAL TERM | |
| Topical Term | SHORT STORY |
| 942 ## - ADDED ENTRY ELEMENTS (KOHA) | |
| Koha item type | Books |
| Withdrawn status | Lost status | Collection code | Home library | Current library | Shelving location | Date acquired | Source of acquisition | Full call number | Accession Number | Koha item type |
|---|---|---|---|---|---|---|---|---|---|---|
| Fiction | Main Library | Main Library | SHELF 15-I-CHILDREN'S STORYBOOKS | 28/10/2023 | Purchase | 823 DUB/R | 08051 | Books |